| 000 | 00000nas 2200000za 4500 |
| 001 | 9.869866 |
| 003 | CaOODSP |
| 005 | 20221107162950 |
| 007 | cr ||||||||||| |
| 008 | 190314d19581974onc x m o f0 b0fre|d |
| 040 | |aCaOODSP|bfre |
| 041 | 0 |aeng|afre |
| 043 | |an-cn--- |
| 086 | 1 |aM38-1F-PDF |
| 086 | 1 |aM38-1-PDF |
| 245 | 00|aRapport de recherches |h[electronic resource] / |cMinistère de l'Énergie, des Mines et des Ressources, Direction des Mines. |
| 260 | |aOttawa : |bMinistère de l'Énergie, des Mines et des Ressources, Direction des Mines, |c1958-1974? |
| 310 | |aIrrégulier |
| 362 | 0 |aR 1 (1958) - R282 (1974)? |
| 500 | |aÉdition numérisée de l'imprimé [par Ressources naturelles Canada]. |
| 546 | |aCertains rapports publiés bilingues (en anglais et en français). |
| 692 | 07|2gccst|aIndustrie minière |
| 710 | 1 |aCanada. |bÉnergie, mines et ressources Canada. |
| 791 | |tResearch report |eeng|w(CaOODSP)9.855660 |